|
|
|
|
| LEADER |
00000nam a2200000 a 4500 |
| 001 |
vtls001289884 |
| 003 |
SK-MaSNL |
| 005 |
20260301113521.0 |
| 008 |
240315s1997 xo 0 slo |
| 035 |
|
|
|a SNK000241512
|
| 040 |
|
|
|a SNK
|b slo
|c SNK
|e AACR2
|
| 041 |
0 |
|
|a slo
|
| 044 |
|
|
|a xo
|c SK
|
| 100 |
1 |
|
|a Tuma, Miroslav,
|d 1931-
|4 aut
|9 88447
|
| 245 |
1 |
|
|a Tvorivý človek. Kazeta č.1
|
| 260 |
|
|
|a Bratislava
|b Obzor
|c 1997
|
| 655 |
|
7 |
|a magnetofónové kazety
|2 SNK
|9 70693
|
| 999 |
|
|
|c 714521
|d 716451
|
| 952 |
|
|
|t P60, <03>, [BOOK], {603}
|a SNK
|b SNK
|y PREZ
|7 0
|p 17A0069286
|o snkK 1978/1
|i snkJK 331/97
|0 0
|1 0
|4 0
|d 1997-06-09
|l 0
|r 2005-01-02 00:00:00
|w 2026-02-23
|